[Event "WIO (Open)"]
[Site "Boise, ID"]
[Date "2011.12.11"]
[Round "5.6"]
[White "Longhurst, Corey K"]
[Black "Hamilton, Brett B"]
[Result "0-1"]
[WhiteElo "1512"]
[BlackElo "1904"]

1. e4 e5 2. Nf3 Nc6 3. Bb5 a6 4. Ba4 Nf6 5. O-O b5 6. Bb3 Be7 7. Re1 d6 8. c3
O-O 9. h3 Na5 10. Bc2 c5 11. d4 cxd4 12. cxd4 Qc7 13. d5 Bd7 14. Nbd2 Rac8 15.
Bb3 Nxb3 16. Nxb3 Qc2 17. Qxc2 Rxc2 18. Rb1 Bd8 19. Na1 Rc4 20. Nd2 Rc8 21.
Nf1 Bb6 22. Ng3 Rc4 23. Bg5 Rfc8 24. Rbc1 Bd4 25. Rb1 h6 26. Bxf6 gxf6 27. Nh5
R8c7 28. Nxf6+ Kg7 29. Nh5+ Kg6 30. Ng3 h5 31. Ne2 Bb6 32. Ng3 h4 33. Nf1 Ba5
34. b3 Rd4 35. Re3 f5 36. f3 Bb6 37. Ree1 fxe4 38. Nh2 Rxd5+ 39. Kh1 e3 40. a4
Bf5 41. Rb2 Rd2 42. Rxd2 exd2 {#R} 0-1

[Event "Winter Warmup Invitational"]
[Site "Meridian, ID"]
[Date "2012.01.21"]
[Round "1.1"]
[White "Longhurst, Corey Kenneth"]
[Black "Roland, Jeffrey T"]
[Result "1-0"]
[WhiteElo "1512"]
[BlackElo "1725"]

1. e4 e5 2. Nf3 Nc6 3. Bb5 a6 4. Ba4 Nf6 5. O-O Nxe4 6. Re1 Nc5 7. Bxc6 dxc6
8. Nxe5 Be7 9. Nc3 O-O 10. d4 Ne6 11. Be3 f6 12. Nf3 Bd6 13. Ne4 Bf4 14. c3
Qd5 15. Ng3 Bd7 16. Qd3 b5 17. a3 Nc5 18. Qd1 Bxe3 19. Rxe3 Nb3 20. Rb1 Rae8
21. Qe2 Bg4 22. Rxe8 Bxf3 23. Rxf8+ Kxf8 24. Qxf3 Qe6 25. Qe3 Qf7 26. Re1 Na5
27. Qe6 g6 28. Qc8+ Kg7 29. h3 Nc4 30. Re2 a5 31. Qb7 Qd7 32. Qb8 Nd6 33. Ne4
Qe7 34. Kf1 Nxe4 35. Qc8 f5 36. g4 Qf7 37. gxf5 gxf5 38. Qd8 Qh5 39. Qxc7+ Kg6
40. Qh2 Kf6 41. Qg2 Qh6 42. Re3 Qh5 43. Ke1 Qh4 44. Qf3 Kg5 45. Qg2+ Kh5 46.
Rf3 Nd6 47. Rg3 Ne4 48. Rf3 Nd6 49. Re3 Qf4 50. Qg3 Qxg3 51. Rxg3 Ne4 52. Rg7
h6 53. Kf1 Nd2+ 54. Kg2 Nc4 55. b4 a4 56. Rc7 Nxa3 57. Rxc6 Nc2 58. d5 a3 59.
d6 a2 60. Ra6 {#r} 1-0

[Event "Winter Warmup Invitational"]
[Site "Meridian, ID"]
[Date "2012.01.21"]
[Round "2.4"]
[White "McGarvey, James H"]
[Black "Longhurst, Corey Kenneth"]
[Result "0-1"]
[WhiteElo "1600"]
[BlackElo "1512"]

1. d4 Nf6 2. c4 e6 3. Nc3 Be7 4. e4 d6 5. Nf3 O-O 6. Be2 b6 7. O-O Bb7 8. e5
Ne8 9. Be3 a6 10. Rc1 Nd7 11. Bd3 h6 12. Re1 Kh8 13. Be2 Rc8 14. Bf4 g5 15.
Bg3 g4 16. Nd2 h5 17. Bxg4 hxg4 18. Qxg4 Bg5 19. Qh5+ Kg7 20. Nce4 Rh8 21.
Qxg5+ Qxg5 22. Nxg5 dxe5 23. dxe5 Nc5 24. Re3 Rd8 25. Nb3 Na4 26. Re2 Kg6 27.
Nf3 Ng7 28. Nfd4 Rd7 29. Rd2 Rhd8 30. Rcc2 Nc5 31. Nxc5 bxc5 32. Nf3 Bxf3 33.
Rxd7 Rxd7 34. gxf3 Nf5 35. Kg2 Rd3 36. Rc3 Rxc3 37. bxc3 Ne7 38. Bh4 Nc6 39.
f4 Kh5 40. Bf6 Kg4 41. f3+ Kxf4 42. h4 Kf5 43. f4 Kxf4 44. h5 Kf5 45. Bg7 Kg5
46. h6 Kg6 47. Kf2 Na5 48. Ke2 Nxc4 49. Kd3 Nb6 50. Kc2 c4 51. Kb2 Nd5 52. a4
a5 53. Kc2 Ne3+ 54. Kd2 Nf5 55. Ke2 Nxg7 56. hxg7 Kxg7 57. Ke3 f6 58. exf6+
Kxf6 59. Kf4 e5+ 60. Ke4 Ke6 61. Ke3 Kd5 62. Kd2 Ke4 63. Ke2 Kf4 64. Kf2 c6
65. Ke2 Ke4 66. Kd2 Kf3 {#R} 0-1

[Event "Winter Warmup Invitational"]
[Site "Meridian, ID"]
[Date "2012.01.21"]
[Round "4.4"]
[White "Longhurst, Corey Kenneth"]
[Black "Booth, Tom R"]
[Result "1-0"]
[WhiteElo "1512"]
[BlackElo "1669"]

1. e4 e6 2. d4 d5 3. Nc3 Nf6 4. Bg5 Be7 5. e5 Nfd7 6. Bxe7 Qxe7 7. Qg4 O-O 8.
Nf3 f5 9. Qh3 b6 10. Bd3 Ba6 11. Qh5 Bxd3 12. cxd3 a6 13. O-O c5 14. Ne2 g6
15. Qh6 Qg7 16. Qe3 Nc6 17. dxc5 bxc5 18. d4 c4 19. Rfc1 Nb4 20. Nf4 Rfe8 21.
Ng5 Nf8 22. h4 h6 23. Nf3 Kh7 24. b3 Rec8 25. a3 Nd3 26. Nxd3 cxd3 27. Qxd3
Qb7 28. Rc5 Rxc5 29. dxc5 Nd7 30. b4 Qc7 31. Qd4 a5 32. Rb1 axb4 33. axb4 Rb8
34. Rc1 Qc6 35. Ra1 Rb7 36. Kh2 Qb5 37. Kh3 Kg8 38. Rb1 Qc6 39. g4 Nxc5 40.
Rc1 Qa4 41. Qxc5 fxg4+ 42. Kg3 Qxb4 43. Qxb4 Rxb4 44. Rc8+ Kg7 45. Nd2 Rd4 46.
Nf1 h5 47. Rc7+ Kf8 48. Rc8+ Ke7 49. Rg8 Kf7 50. Ra8 Re4 51. Ra7+ Kf8 52. Ra8+
Kf7 53. Ra7+ Kf8 54. Ne3 d4 55. Ra4 Ke7 56. Nc2 Rxe5 57. Rxd4 Ke8 58. Rf4 Ke7
59. Nd4 Rd5 60. Re4 e5 61. Ne2 Ke6 62. Nf4+ Kd6 63. Nxd5 Kxd5 64. Re1 e4 65.
Kf4 {#r} 1-0

[Event "Idaho Closed"]
[Site "Boise, ID"]
[Date "2012.02.18"]
[Round "2.2"]
[White "Longhurst, Corey K"]
[Black "Stewart, Timothy"]
[Result "0-1"]
[WhiteElo "1488"]
[BlackElo "1901"]

1. d4 d5 2. c4 c6 3. Nc3 Nf6 4. Nf3 Bf5 5. Qb3 Qb6 6. Qxb6 axb6 7. cxd5 Nxd5
8. Nxd5 cxd5 9. Bf4 e6 10. Rc1 Nc6 11. a3 f6 12. e3 Kd7 13. h3 Bd6 14. Bxd6
Kxd6 15. Bb5 Rhc8 16. O-O Rc7 17. Rc3 g5 18. Rfc1 h5 19. Nh2 Be4 20. Be2 Rh7
21. f3 Bg6 22. Rb3 Kc7 23. Rbc3 f5 24. Bd3 Kd6 25. Rb3 Kc7 26. Kf2 Be8 27.
Rbc3 Bd7 28. b4 Kd6 29. R1c2 Rf7 30. Be2 Ne7 31. b5 Rc8 32. a4 Rxc3 33. Rxc3
Ng6 34. Ke1 Rf8 35. Kd2 e5 36. dxe5+ Nxe5 37. f4 gxf4 38. exf4 Ng6 39. g3 h4
40. Bh5 hxg3 41. Rxg3 Nxf4 42. Bf3 Rh8 43. Ke3 Rxh3 44. Kxf4 Rxh2 45. Rg6+ Be6
46. Rg7 Rh4+ 47. Ke3 Rxa4 48. Rxb7 Kc5 49. Re7 d4+ 50. Kd2 Ra2+ 51. Kc1 Bc4
52. Re5+ Kb4 53. Bd1 Kc3 54. Kb1 Rf2 55. Kc1 Rf1 56. Re8 d3 57. Re3 Bb3 {#R}
0-1

[Event "Idaho Closed"]
[Site "Boise, ID"]
[Date "2012.02.19"]
[Round "4.8"]
[White "Olsoy, Peter John"]
[Black "Longhurst, Corey K"]
[Result "1-0"]
[WhiteElo "1313"]
[BlackElo "1488"]

1. d4 Nf6 2. c4 e6 3. Nc3 Be7 4. e4 d6 5. Be3 O-O 6. h3 Nbd7 7. Nf3 h6 8. Bd3
c6 9. Qd2 Nh7 10. h4 e5 11. d5 Nb6 12. O-O-O f5 13. exf5 Bxf5 14. Bxf5 Rxf5
15. Qd3 Rf8 16. h5 Qe8 17. Nh4 Bxh4 18. Rxh4 Nf6 19. dxc6 Qxc6 20. Qxd6 Qxd6
21. Rxd6 Nc8 22. Re6 Nd7 23. Rg6 Ne7 24. Re6 Nf5 25. Rh1 Rf7 26. g4 Ne7 27.
Rd1 Nc6 28. Nd5 Rc8 29. f4 Kf8 30. b3 a6 31. Kb2 Nd8 32. Rd6 Ke8 33. fxe5 Nxe5
34. g5 hxg5 35. Bxg5 Rf2+ 36. Ka3 Nef7 37. Re1+ Kf8 38. Be7+ Kg8 39. Rd7 Kh7
40. Bxd8 Nxd8 41. Re8 b5 42. cxb5 a5 43. b4 Rcc2 44. Rexd8 a4 45. Kxa4 Rxa2+
46. Kb3 Rab2+ 47. Kc4 Rbc2+ 48. Kd4 Rcd2+ 49. Kc5 Rc2+ 50. Kd6 Rf5 51. b6 Rd2
52. Kc5 Rc2+ 53. Kb5 Rxh5 54. b7 {#r} 1-0

[Event "Idaho Closed"]
[Site "Boise, ID"]
[Date "2012.02.20"]
[Round "5.11"]
[White "Longhurst, Corey K"]
[Black "Hamilton, Brett B"]
[Result "1-0"]
[WhiteElo "1488"]
[BlackElo "1904"]

1. e4 e5 2. Nf3 Nc6 3. Bb5 a6 4. Ba4 Nf6 5. O-O b5 6. Bb3 Be7 7. Re1 d6 8. c3
O-O 9. h3 Na5 10. Bc2 c5 11. d4 Qc7 12. d5 Re8 13. b3 Bf8 14. Bg5 Be7 15. Nbd2
h6 16. Be3 Nxe4 17. Nxe4 f5 18. Qd3 c4 19. Qd1 fxe4 20. Bxe4 Rf8 21. b4 Nb7
22. Qc2 Bf6 23. Kh2 g5 24. g4 Qf7 25. Rg1 Kg7 26. Rg3 Rh8 27. Rag1 Bd7 28. Nd2
Rag8 29. Rf3 Kf8 30. Nf1 Ke7 31. Ng3 h5 32. Nxh5 Rxh5 33. gxh5 Qxh5 34. Qd1 g4
35. Rfg3 Bh4 36. Rxg4 Bxg4 37. Rxg4 Rxg4 38. Qxg4 Qxg4 39. hxg4 Kf6 40. Bb6
Bg5 41. Bf5 Ke7 42. Bc8 Nd8 43. Bxa6 Bd2 44. Bxb5 Bxc3 45. a3 Bb2 46. Bxc4
Bxa3 47. Ba5 Nb7 48. Ba6 Nxa5 49. bxa5 Kf6 50. Bb7 Kg5 51. Kg3 e4 52. f4+ exf3
53. Kxf3 Bc5 54. Bc8 Ba7 55. Ke4 Bc5 56. Kd3 Kf6 57. Kc4 Ke7 58. Kb5 Kd8 59.
Bb7 Kc7 60. Bc6 Be3 61. a6 Kb8 62. Bd7 Kc7 63. Be8 Bg5 64. Bc6 Kb8 65. Kc4 Bf4
66. Kd3 Ka7 67. Bb7 Kb8 68. Ke4 Be5 69. Kf5 Bd4 70. Ke6 Kc7 71. g5 {#r} 1-0

[Event "Idaho Closed"]
[Site "Boise, ID"]
[Date "2012.02.20"]
[Round "6.7"]
[White "Kircher, Caleb Paul"]
[Black "Longhurst, Corey K"]
[Result "1-0"]
[WhiteElo "1793"]
[BlackElo "1488"]

1. e4 c5 2. Nf3 d6 3. d3 Nc6 4. h3 Nf6 5. g3 g6 6. Bg2 Bg7 7. O-O O-O 8. c3
Qc7 9. Nbd2 Bd7 10. Re1 Qc8 11. Kh2 Ne8 12. Nf1 h6 13. Ne3 Ne5 14. Nxe5 Bxe5
15. Nd5 Bg7 16. Nxe7+ Kh7 17. Nxc8 Rxc8 18. f4 Bc6 19. Be3 Nc7 20. d4 cxd4 21.
Bxd4 Ne6 22. Bxa7 Rfd8 23. f5 Nc7 24. fxg6+ fxg6 25. Bb6 Be5 26. Bxc7 Rxc7 27.
Rf1 Bb5 28. Rf2 Rcd7 29. Qb3 Bc6 30. Raf1 {#r} 1-0

[Event "ICU MVCC Ch (Champ)"]
[Site "Twin Falls, ID"]
[Date "2012.03.24"]
[Round "1.3"]
[White "Imamovic, Nedzad"]
[Black "Longhurst, Corey"]
[Result "1-0"]
[WhiteElo "1688"]
[BlackElo "1583"]

1. e4 e5 2. Nf3 Nc6 3. Bc4 Nf6 4. d3 d6 5. Nc3 Na5 6. Bb3 Nxb3 7. axb3 Bg4 8.
Bg5 c6 9. h3 Bh5 10. g4 Bg6 11. Qd2 Be7 12. Qe3 b6 13. d4 exd4 14. Nxd4 Qc7
15. f4 h6 16. Bh4 O-O 17. g5 hxg5 18. Bxg5 Rae8 19. f5 Bh7 20. Rg1 Kh8 21.
O-O-O Rg8 22. h4 b5 23. b4 Bd8 24. Bf4 Qe7 25. Nxc6 Bb6 26. Nxe7 Bxe3+ 27.
Bxe3 Rxe7 28. Nxb5 Rxe4 29. Nxd6 Rxe3 30. Nxf7# 1-0

[Event "ICU MVCC Ch (Champ)"]
[Site "Twin Falls, ID"]
[Date "2012.03.24"]
[Round "2.5"]
[White "Longhurst, Corey"]
[Black "Bruck, Nick Jon"]
[Result "1-0"]
[WhiteElo "1583"]
[BlackElo "1454"]

1. e4 e5 2. Nf3 d6 3. d4 exd4 4. Nxd4 Nf6 5. Nc3 Bd7 6. Be2 Be7 7. O-O O-O 8.
h3 Nc6 9. Nb3 Be6 10. Be3 d5 11. exd5 Nxd5 12. Nxd5 Qxd5 13. Bf3 Qxd1 14.
Rfxd1 Bxb3 15. axb3 Bf6 16. c3 a5 17. Bf4 Ra7 18. Bxc7 Be5 19. Bb6 Ra6 20. Bc5
b6 21. Bxf8 Kxf8 22. Bxc6 Ke7 23. Rd7+ Ke6 24. Re1 h6 25. f4 b5 26. Rxe5+ Kf6
27. Be4 g6 28. Ree7 g5 29. Rxf7+ Ke6 30. Bf5# 1-0

[Event "ICU MVCC Ch (Champ)"]
[Site "Twin Falls, ID"]
[Date "2012.03.24"]
[Round "3.4"]
[White "Booth, Tom R"]
[Black "Longhurst, Corey"]
[Result "1-0"]
[WhiteElo "1600"]
[BlackElo "1583"]

1. d4 Nf6 2. c4 e6 3. Nc3 Be7 4. Bg5 c6 5. Nf3 d6 6. e4 h6 7. Bh4 Nbd7 8. Be2
O-O 9. O-O Qb6 10. Qc2 g5 11. Na4 Qd8 12. Bg3 Ne8 13. e5 d5 14. h3 dxc4 15.
Bxc4 b5 16. Bd3 bxa4 17. Qxc6 Nb6 18. Qe4 f5 19. exf6 Bxf6 20. Qh7# 1-0

[Event "ICU MVCC Ch (Champ)"]
[Site "Twin Falls, ID"]
[Date "2012.03.24"]
[Round "4.6"]
[White "Longhurst, Corey"]
[Black "Vereshchagin, Aleksandr"]
[Result "1-0"]
[WhiteElo "1583"]
[BlackElo "1457"]

1. d4 Nf6 2. c4 d6 3. Nc3 b6 4. e4 Nbd7 5. Nf3 Bb7 6. Bd3 c5 7. Qa4 e6 8. d5
e5 9. O-O Be7 10. Bg5 h6 11. Bxf6 Bxf6 12. Rae1 a6 13. Bb1 g5 14. Ne2 g4 15.
Nd2 Bg5 16. Qc2 h5 17. Ng3 Qf6 18. f3 Qh6 19. Nf5 Qg6 20. Rf2 Bc8 21. Nf1 O-O
22. Qd1 Nf6 23. Nxd6 h4 24. Nxc8 Rfxc8 25. fxg4 Bf4 26. Rxf4 exf4 27. e5 Qxg4
28. exf6 Qg5 29. Re4 h3 30. Qf3 Qxg2+ 31. Qxg2+ hxg2 32. Nd2 Re8 33. Kxg2 Rxe4
34. Bxe4 Kh8 35. Kf3 Rg8 36. a4 Rg1 37. Kxf4 Rd1 38. Nf3 Ra1 39. d6 Rd1 40.
Bd5 {#r} 1-0

[Event "MH Spring Tourny"]
[Site "Mountain Home, ID"]
[Date "2012.04.28"]
[Round "1.4"]
[White "Moffett, Kalen"]
[Black "Longhurst, Corey"]
[Result "0-1"]
[WhiteElo "1000"]
[BlackElo "1586"]

1. e4 c5 2. d3 d6 3. Nf3 Nc6 4. Be3 Nf6 5. Nc3 g6 6. d4 cxd4 7. Nxd4 Nxd4 8.
Bxd4 Bg7 9. Qd2 O-O 10. O-O-O a6 11. Qe2 b5 12. e5 Ne8 13. exd6 Nxd6 14. Bxg7
Kxg7 15. Ne4 Qc7 16. f3 Be6 17. Nxd6 exd6 18. Qd2 Rac8 19. c3 Rfd8 20. Qc2 Qc5
21. Qd3 Bxa2 22. Qd4+ Qxd4 23. Rxd4 Be6 24. Be2 Rc5 25. Rhd1 d5 26. c4 bxc4
27. g4 Rdc8 28. h3 a5 29. f4 f5 30. Kc2 c3 31. b3 fxg4 32. hxg4 Rb8 33. R1d3
h5 34. Rxc3 Rxc3+ 35. Kxc3 hxg4 36. Rd1 Rb4 37. Rb1 Rxf4 38. Ra1 g3 39. Rxa5
d4+ 40. Kd3 Bf5+ 41. Kd2 Rf2 42. Ra7+ Kh6 43. b4 d3 44. b5 Rxe2+ 45. Kc3 g2
46. Ra1 Rf2 47. b6 Be4 48. Kd4 Bb7 49. Kxd3 Rf1 50. Ra7 g1=Q 51. Rxb7 Rd1+ 52.
Kc4 Qd4+ 53. Kb5 Qd5+ 54. Ka6 Ra1# 0-1

[Event "MH Spring Tourny"]
[Site "Mountain Home, ID"]
[Date "2012.04.28"]
[Round "2.4"]
[White "Longhurst, Corey"]
[Black "Puderbaugh, Kory"]
[Result "1-0"]
[WhiteElo "1586"]
[BlackElo "1389"]

1. e4 d5 2. exd5 Qxd5 3. Nc3 Qd6 4. d4 Nf6 5. Nf3 Bg4 6. Be2 Nc6 7. Be3 O-O-O
8. Ng5 Bxe2 9. Nxe2 Ng4 10. Nxf7 Qf6 11. Nxd8 Nxd8 12. Ng3 Nxe3 13. fxe3 e5
14. Qg4+ Kb8 15. O-O-O Nc6 16. Rhf1 Qd6 17. d5 Nb4 18. Kb1 Qa6 19. a3 Nxd5 20.
Rxd5 h5 21. Rd8# 1-0

[Event "MH Spring Tourny"]
[Site "Mountain Home, ID"]
[Date "2012.04.28"]
[Round "3.5"]
[White "Featherston, Scott"]
[Black "Longhurst, Corey"]
[Result "0-1"]
[WhiteElo "1000"]
[BlackElo "1586"]

1. e4 c5 2. d4 cxd4 3. Qxd4 Nc6 4. Qd1 d6 5. Nf3 Nf6 6. Nc3 g6 7. h3 Bg7 8.
Bd2 O-O 9. Bd3 a6 10. Kf1 b5 11. a3 Bb7 12. Qe2 Nd7 13. Re1 Nde5 14. Nxe5 Bxe5
15. Nd5 Bxb2 16. Bc3 Bxc3 17. Nxc3 e6 18. h4 Qf6 19. g3 Qxc3 20. h5 Qg7 21. h6
Qf6 22. f4 e5 23. f5 Nd4 24. Qf2 Rfe8 25. g4 d5 26. c3 dxe4 27. Bxe4 Bxe4 28.
Rxe4 Nc6 29. a4 bxa4 30. Rxa4 e4 31. Qe3 Qe5 32. fxg6 fxg6 33. g5 Qb5+ 34. Kg2
Qxa4 35. Rd1 Qxd1 36. Qf4 Rf8 37. Qe5 Qf1+ 38. Kg3 Rf3+ 39. Kg4 Qh3# 0-1

[Event "MH Spring Tourny"]
[Site "Mountain Home, ID"]
[Date "2012.04.28"]
[Round "4.1"]
[White "Longhurst, Corey"]
[Black "Edvalson, Paul"]
[Result "1-0"]
[WhiteElo "1586"]
[BlackElo "1598"]

1. e4 c5 2. Nf3 d6 3. d4 cxd4 4. Nxd4 Nf6 5. Nc3 a6 6. Bg5 e6 7. f3 Be7 8. Be3
b5 9. Bd3 Qc7 10. a3 Nbd7 11. Qd2 Nc5 12. O-O Nxd3 13. cxd3 Bb7 14. Rac1 Qa5
15. Qf2 b4 16. Nb3 Qd8 17. axb4 d5 18. Nc5 Bc6 19. Rfd1 Qb8 20. Na2 e5 21. Qe2
d4 22. Bd2 Bb5 23. Ra1 O-O 24. Nc1 Rc8 25. N1b3 Ra7 26. Rdc1 Bd7 27. Qd1 Bb5
28. Qe1 Nd7 29. Nxd7 Rxd7 30. Rxc8+ Qxc8 31. Rc1 Qb8 32. Nc5 Bxc5 33. Rxc5
Bxd3 34. Qg3 f6 35. Qg4 Rd6 36. Rc8+ {#r} 1-0

[Event "ICA Players Mem-Open"]
[Site "Boise, ID"]
[Date "2012.05.19"]
[Round "1.3"]
[White "Kircher, Caleb Paul"]
[Black "Longhurst, Corey Kenneth"]
[Result "1-0"]
[WhiteElo "1777"]
[BlackElo "1583"]

1. e4 e5 2. Nf3 Nc6 3. d4 exd4 4. Bc4 Be7 5. O-O d6 6. Nxd4 Ne5 7. Bb3 Nf6 8.
Nc3 a6 9. f4 Ng6 10. Be3 O-O 11. f5 Ne5 12. Nf3 Nc6 13. Qd2 Ng4 14. Bf4 Bf6
15. Rad1 Bd7 16. a3 Nge5 17. Ng5 h6 18. Nf3 Nxf3+ 19. Rxf3 Kh7 20. Rh3 Bd4+
21. Kh1 Bxc3 22. bxc3 Qf6 23. g4 Kg8 24. g5 hxg5 25. Bxg5 Qe5 26. Bd5 g6 27.
Bf4 Qf6 28. Rg1 Ne7 29. Bxb7 Ra7 30. Be3 c5 31. Bg5 Qe5 32. Bxe7 Rxb7 33. Bxd6
Qxe4+ 34. Qg2 Qxg2+ 35. Kxg2 Bxf5 36. Rh4 Rc8 37. Be5 f6 38. Bxf6 Rh7 39. Ra4
Rc6 40. Be5 Re7 41. Bf4 Re2+ 42. Kg3 a5 43. Rxa5 Rxc2 44. Be5 Rc8 45. Ra7 Rd8
46. Kh4 Re2 47. Bf4 Rd3 48. Kg5 Rh3 49. Bg3 Re4 50. Ra6 Rh7 51. Ra8+ Kf7 52.
Ra7+ Ke6 53. Rxh7 Rg4+ 54. Kh6 Kf6 55. Re1 Be4 56. Rh8 Ke6 57. Re8+ Kd5 58.
R1xe4 Rxe4 59. Rxe4 Kxe4 60. Kxg6 {#r} 1-0

[Event "ICA Players Mem-Open"]
[Site "Boise, ID"]
[Date "2012.05.19"]
[Round "2.6"]
[White "Longhurst, Corey Kenneth"]
[Black "Bruck, Nick Jon"]
[Result "0-1"]
[WhiteElo "1583"]
[BlackElo "1454"]

1. d4 d5 2. c4 dxc4 3. e4 e6 4. Bxc4 c5 5. d5 exd5 6. Bxd5 Be7 7. Qh5 g6 8.
Qe5 Nf6 9. Bg5 O-O 10. Nc3 Nxd5 11. Bh6 Nf6 12. Bxf8 Bxf8 13. Qg5 Nc6 14. Rd1
Qe7 15. f3 Nd4 16. Nge2 Nc2+ 17. Kd2 h6 18. Qg3 Nd4 19. Nf4 Be6 20. h4 Rd8 21.
Kc1 Qc7 22. Nce2 Bd6 23. Nxd4 Bxf4+ 24. Qxf4 Qxf4+ 25. Kb1 Rxd4 {#R} 0-1

[Event "ICA Players Mem-Open"]
[Site "Boise, ID"]
[Date "2012.05.19"]
[Round "3.7"]
[White "Booth, Tom R"]
[Black "Longhurst, Corey Kenneth"]
[Result "0-1"]
[WhiteElo "1604"]
[BlackElo "1583"]

1. d4 Nf6 2. c4 e6 3. Nc3 Bb4 4. a3 Bxc3+ 5. bxc3 c6 6. Qc2 h6 7. Nf3 d5 8. e3
O-O 9. Bd3 dxc4 10. Bxc4 b5 11. Bd3 Bb7 12. O-O Nbd7 13. a4 a6 14. Ba3 Re8 15.
Rfd1 Qc7 16. c4 bxc4 17. Bxc4 Rac8 18. Qd3 Qa5 19. Bb3 e5 20. dxe5 Nxe5 21.
Nxe5 Qxe5 22. Bd6 Qg5 23. Bf4 Qh5 24. Bc4 Ra8 25. Rab1 Bc8 26. Qd6 Bf5 27.
Rbc1 Be4 28. Bg3 Rad8 29. Qxd8 Rxd8 30. Rxd8+ Kh7 31. Rcd1 Nd5 32. Bxa6 Qxd1+
{#R} 0-1

[Event "ICA Players Mem-Open"]
[Site "Boise, ID"]
[Date "2012.05.20"]
[Round "4.5"]
[White "Longhurst, Corey Kenneth"]
[Black "Pemsler, Carmen"]
[Result "1/2-1/2"]
[WhiteElo "1583"]
[BlackElo "1364"]

1. e4 c6 2. d4 d5 3. e5 c5 4. c3 Nc6 5. Be2 Bf5 6. Be3 e6 7. Nd2 Nge7 8. Ngf3
g6 9. O-O Bg7 10. Re1 O-O 11. Nf1 cxd4 12. cxd4 f6 13. exf6 Bxf6 14. Ng3 Qb6
15. Qd2 Rfe8 16. a3 Be4 17. Ne5 Qc7 18. Ng4 Bg7 19. Nh6+ Kf8 20. Rac1 Qd7 21.
Bg5 Nxd4 22. Nxe4 dxe4 23. Qf4+ Nef5 24. Ng4 Nxe2+ 25. Rxe2 Qd3 26. Qxe4 Qxe4
27. Rxe4 Bxb2 28. Rc7 Bxa3 29. Nf6 Nd6 30. Rf4 Nf5 31. Rxf5 Re7 32. Bh6+ Kf7
33. Nd5+ exf5 34. Nxe7 Bxe7 35. Rxb7 {#d} 1/2-1/2

[Event "ICA Players Mem-Open"]
[Site "Boise, ID"]
[Date "2012.05.20"]
[Round "5.7"]
[White "Myers, Hugh S"]
[Black "Longhurst, Corey Kenneth"]
[Result "0-1"]
[WhiteElo "1520"]
[BlackElo "1583"]

1. e4 e5 2. f4 exf4 3. Nf3 d6 4. Be2 g5 5. O-O Bg7 6. d4 c6 7. c3 Be6 8. c4
Qf6 9. e5 dxe5 10. dxe5 Qe7 11. Qd6 h6 12. Rd1 Nd7 13. Nc3 O-O-O 14. Qxe7 Nxe7
15. Ne4 Nxe5 16. Nd6+ Kb8 17. Rb1 Rd7 18. b3 Rhd8 19. Ba3 N7g6 20. Rb2 Nxf3+
21. Bxf3 {#R} 0-1

[Event "Larry Parsons Simul"]
[Site "Boise, ID"]
[Date "2012.06.02"]
[Round "1.10"]
[White "Parsons, Larry R"]
[Black "Longhurst, Corey"]
[Result "1/2-1/2"]
[WhiteElo "2000"]
[BlackElo "1583"]

1. d4 Nf6 2. c4 g6 3. Nc3 Bg7 4. e4 d6 5. Be2 O-O 6. Nf3 Bg4 7. O-O Nbd7 8. h3
Bxf3 9. Bxf3 Rb8 10. Be3 c5 11. d5 a6 12. a4 Ne5 13. Be2 Qc7 14. Qd2 Rfe8 15.
f4 Ned7 16. g4 Nf8 17. Kh1 N6d7 18. Rf2 Qb6 19. Ra3 Bd4 20. Rf3 Bg7 21. Qc2
Qd8 22. a5 e6 23. Qd2 Bxc3 24. Qxc3 exd5 25. exd5 Qe7 26. g5 Qe4 27. Qd3 Qe7
28. Bd1 f6 29. h4 Qg7 30. Bd2 fxg5 31. Bc3 Qh6 32. fxg5 Qxh4+ 33. Kg2 Ne5 34.
Bxe5 Rxe5 35. Rg3 Rxg5 36. Qe2 Re5 37. Rae3 Rbe8 38. Qf2 Qd4 39. Rxe5 Qxe5 40.
b3 Qe4+ 41. Bf3 Qe1 42. Qxe1 Rxe1 43. Bg4 Kg7 44. Bc8 Re7 45. Rf3 Rc7 46. Bh3
Nd7 47. Be6 Ne5 48. Re3 Re7 49. Re1 Nf7 50. Rb1 Ng5 51. Bc8 Rc7 52. Bg4 h5 53.
Be2 Re7 54. Rb2 Kh6 55. b4 cxb4 56. Bf1 Rc7 57. Rxb4 Ne4 58. Rb6 Rd7 59. Bd3
Nc5 60. Bc2 Kg7 61. Kg3 Kf6 62. Kh4 Ke5 63. Bxg6 Kd4 64. Bxh5 Kxc4 65. Bf3 Nb3
66. Kg5 Nd4 67. Be4 Nb5 68. Kf6 Kb4 69. Ke6 Rc7 70. Rxd6 Nxd6 71. Kxd6 Rc1 72.
Ke5 Kxa5 73. d6 Rc8 74. Bxb7 Rd8 75. Ke6 Rxd6+ {#d} 1/2-1/2

[Event "ICU Treasure Valley Ch"]
[Site "Boise, ID"]
[Date "2012.06.09"]
[Round "1.7"]
[White "Sawyer, Paul"]
[Black "Longhurst, Corey"]
[Result "0-1"]
[WhiteElo "1000"]
[BlackElo "1607"]

1. d4 Nf6 2. Nc3 g6 3. e4 d6 4. Nf3 Bg7 5. Bc4 O-O 6. Bf4 Nc6 7. O-O Bg4 8.
Kh1 e5 9. dxe5 dxe5 10. h3 Qxd1 11. Rfxd1 Bxf3 12. gxf3 exf4 13. Nd5 Nxd5 14.
exd5 Ne5 15. Kg2 Nxc4 16. b3 Bxa1 17. Rxa1 Nd6 18. a3 Rae8 19. Kf1 Re5 20. c3
Rxd5 21. c4 Rd3 22. Ke1 Rxf3 23. Ke2 Rxh3 24. f3 Re8+ 25. Kf2 Rh2+ 26. Kf1
Ree2 27. Rd1 Rb2 28. Rxd6 Rh1# 0-1

[Event "ICU Treasure Valley Ch"]
[Site "Boise, ID"]
[Date "2012.06.09"]
[Round "2.2"]
[White "Longhurst, Corey"]
[Black "Roland, Jeffrey T"]
[Result "1/2-1/2"]
[WhiteElo "1607"]
[BlackElo "1690"]

1. e4 e5 2. Nf3 Nc6 3. Bb5 a6 4. Ba4 Nf6 5. O-O Nxe4 6. Re1 Nc5 7. Bxc6 dxc6
8. Nxe5 Be7 9. Nc3 O-O 10. h3 Bf6 11. Nf3 Bf5 12. d3 Qd7 13. Bf4 Rfe8 14. Qd2
Re6 15. Red1 Bxc3 16. Qxc3 Qd5 17. Qc4 Qxc4 18. dxc4 Bxc2 19. Rd2 Bg6 20. Bxc7
Rae8 21. Rdd1 {#d} 1/2-1/2

[Event "ICU Treasure Valley Ch"]
[Site "Boise, ID"]
[Date "2012.06.09"]
[Round "3.2"]
[White "Longhurst, Corey"]
[Black "Olsoy, Peter John"]
[Result "0-1"]
[WhiteElo "1607"]
[BlackElo "1700"]

1. d4 Nf6 2. c4 e6 3. Nf3 b6 4. g3 Bb7 5. Bg2 d5 6. Ne5 Nbd7 7. O-O c6 8. Bg5
Be7 9. Qa4 Qc7 10. Bf4 Bd6 11. Nc3 Nxe5 12. dxe5 Bxe5 13. cxd5 exd5 14. Nxd5
Nxd5 15. Bxd5 Bxf4 16. Bxf7+ Qxf7 17. gxf4 Qg6+ 18. Kh1 O-O 19. Rg1 c5+ 20. f3
Qh6 21. Rg5 Qf6 22. Rag1 Rf7 23. Qb3 Kh8 24. f5 h6 25. Rh5 Re7 26. Rg6 Qd4 27.
e4 Rd8 28. f6 Qd1+ 29. Qxd1 Rxd1+ 30. Kg2 Rf7 31. fxg7+ Rxg7 32. Rhxh6+ Kg8
33. Kh3 Rxg6 34. Rxg6+ Kf7 35. Rh6 Kg7 36. Re6 Bc8 {#R} 0-1

[Event "Meridian Invitational"]
[Site "Meridian, ID"]
[Date "2012.06.23"]
[Round "1.6"]
[White "Longhurst, Corey Kenneth"]
[Black "Patterson, Kevin R"]
[Result "0-1"]
[WhiteElo "1584"]
[BlackElo "1222"]

1. e4 c6 2. d4 d5 3. e5 Bf5 4. Bd3 Bxd3 5. Qxd3 e6 6. Nf3 Ne7 7. Bg5 h6 8. Bh4
Qb6 9. Qb3 Qxb3 10. axb3 Nf5 11. Bg3 Nxg3 12. fxg3 Be7 13. O-O O-O 14. Nc3 Nd7
15. Ne2 f6 16. Nf4 Kh7 17. Nxe6 Rfe8 18. Nh4 Nf8 19. Nxf8+ Rxf8 20. e6 g6 21.
c4 a6 22. Kh1 f5 23. Nf3 Bf6 24. Rfe1 Rfe8 25. Re2 Re7 26. Rae1 Rae8 27. h4
Kg7 28. Kh2 g5 29. hxg5 hxg5 30. Rf1 Rh8+ 31. Kg1 g4 32. Ne5 Bxe5 33. Rxe5 Rh5
34. Rfe1 Kf6 35. cxd5 cxd5 36. Rxd5 Rxe6 37. Rxe6+ Kxe6 38. Rd8 Rh7 39. Kf2
Rc7 40. d5+ Ke5 41. d6 Rc2+ 42. Ke3 Ke6 43. Kd4 Rxg2 44. Kc5 Rxg3 45. d7 Rd3
46. Re8+ Kxd7 47. Kc4 Rd6 48. Rf8 Rg6 49. Rxf5 g3 50. Rf1 g2 51. Rg1 Ke6 52.
Kd4 Kd6 53. Ke3 Kc5 54. Kf3 Kb4 55. Rxg2 Rxg2 56. Kxg2 Kxb3 57. Kf3 Kxb2 58.
Ke4 a5 59. Kd4 a4 {#R} 0-1